K možnostem využití účetních výkazů pro prohloubení analytického pohledu na ekonomiku stavebnictví
Ukazovatele a zdroj ich výberu pre finančnú analýzu ekonomiky stavebníctva. Finančné ukazovatele využívané pri finančnej analýze. Základné informácie z výsledkov spracovaných z účtovných výkazov za rok 1993 a 1994 v českom stavebníctve. Štruktúra majetku a kapitálu v stavebníctve za r. 1993 - 1994....
Salvato in:
| Autore principale: | |
|---|---|
| Natura: | Capitolo di libro |
| Lingua: | ceco |
| Soggetti: | |
| Tags: |
Nessun Tag, puoi essere il primo ad aggiungerne!!
|
MARC
| LEADER | 00000naa a2200000 4500 | ||
|---|---|---|---|
| 001 | r025862 | ||
| 005 | 20230925110121.8 | ||
| 041 | 0 | |a cze | |
| 044 | |a CZ | ||
| 245 | 1 | 0 | |a K možnostem využití účetních výkazů pro prohloubení analytického pohledu na ekonomiku stavebnictví |c Z. Kunc |
| 520 | |a Ukazovatele a zdroj ich výberu pre finančnú analýzu ekonomiky stavebníctva. Finančné ukazovatele využívané pri finančnej analýze. Základné informácie z výsledkov spracovaných z účtovných výkazov za rok 1993 a 1994 v českom stavebníctve. Štruktúra majetku a kapitálu v stavebníctve za r. 1993 - 1994. Ekonomické a finančné charakteristiky odvetvia stavebníctva 1993 - 1994. Tvorba zisku v stavebníctve v r. 1994. Ďalšie informácie získané spracovaním účtovných výkazov: tvorba zisku, nákladov a výnosov, proces kapitálového prepojovania. | ||
| 610 | 2 | 0 | |a analýza finančná |
| 610 | 2 | 0 | |a výkazy účtovné |
| 610 | 2 | 0 | |a zdroje informácií |
| 610 | 2 | 0 | |a metódy kalkulačné |
| 610 | 2 | 0 | |a stavebníctvo |
| 610 | 2 | 0 | |a Česko |
| 610 | 2 | 0 | |a 1993-1994 |
| 610 | 2 | 0 | |a metódy účtovné |
| 610 | 2 | 0 | |a hospodárenie finančné |
| 100 | 1 | |a Kunc, Z. | |